| 000 | 00363nam a22001337a 4500 | ||
|---|---|---|---|
| 005 | 20140218171555.0 | ||
| 008 | 140218b xxu||||| |||| 00| 0 eng d | ||
| 050 |
_aPZ4. _bK41 |
||
| 100 |
_aKerr, Philip _98748 |
||
| 245 |
_aThe one from the other _cKerr, Philip |
||
| 260 |
_aNew York _bPenguin Books _c2006 |
||
| 300 |
_a372p.; _c20cm. |
||
| 942 |
_2lcc _cMONOGRAPH |
||
| 999 |
_c120085 _d120085 |
||